[Event "Herbert W. Gustafson Memorial Open, S47049"]
[Site "CCLA"]
[Date "2014.10.27"]
[Round "?"]
[White "Weiss, Lester P."]
[Black "Laine, Jari"]
[Result "1/2-1/2"]
[WhiteElo "2131"]
[BlackElo "2144"]

1. e4 e6 2. d4 d5 3. Nc3 Bb4 4. e5 c5 5. a3 Bxc3+ 6. bxc3 Ne7 7. Qg4 cxd4 
8. Qxg7 Rg8 9. Qxh7 Qc7 10. Ne2 Nbc6 11. f4 Bd7 12. Qd3 dxc3 13. Nxc3 a6 
14. Ne2 Rc8 15. Rb1 Na5 16. Nd4 Ba4 17. Bd2 Nac6 18. Nf3 Nf5 19. c4 Na5 
20. cxd5 Bc2 21. Rc1 Nb3 22. Qxb3 Bxb3 23. Rxc7 Rxc7 24. d6 Rc2 25. Rg1 
Bd5 26. Ng5 Rh8 27. h3 Nd4 28. Bd3 Ra2 29. Nh7 Kd8 30. Nf6 Rxa3 31. Bb1 
Rh4 32. Kf2 Bc6 33. Be4 Ra2 34. Bxc6 Nxc6 1/2-1/2

[Event "Premier Quad, S40439"]
[Site "CCLA"]
[Date "2014.12.19"]
[Round "?"]
[White "Fausey, Verna M."]
[Black "Disque, Philip"]
[Result "1-0"]
[WhiteElo "1747"]
[BlackElo "1669"]

1. e4 e6 2. d4 d5 3. Nc3 Bb4 4. e5 c5 5. a3 Bxc3+ 6. bxc3 Ne7 7. a4 Qc7 8.
 Nf3 h6 9. Bd3 b6 10. O-O Ba6 11. Ba3 Bxd3 12. cxd3 O-O 13. Rb1 Nd7 14. 
Qd2 Rfe8 15. Rb5 a6 16. Rbb1 Qc6 17. Qc2 b5 18. dxc5 Nxc5 19. axb5 axb5 
20. Nd4 Qc8 21. Nxb5 Qc6 22. c4 Rxa3 23. Nxa3 Rc8 24. d4 Nd7 25. c5 Nf5 
26. Qd3 Qa4 27. Nb5 Ra8 28. Rfc1 Qa6 29. c6 Nb6 30. Qd1 Qc8 31. Qg4 Nc4 
32. c7 Ra4 33. Qh3 Nxd4 34. Nxd4 Qxc7 35. Qb3 Ra8 36. f4 Qa7 37. Qd3 Rd8 
38. Kh1 Rb8 39. Nc6 Rxb1 40. Rxb1 1-0

[Event "Premier Quad, S40289"]
[Site "CCLA"]
[Date "2014.09.15"]
[Round "?"]
[White "Sereni, Vincent T."]
[Black "Disque, Philip"]
[Result "1-0"]
[WhiteElo "2118"]
[BlackElo "1669"]

1. d4 e6 2. e4 d5 3. Nc3 Bb4 4. e5 c5 5. a3 Bxc3+ 6. bxc3 Ne7 7. Nf3 b6 8.
 a4 Ba6 9. Bb5+ Bxb5 10. axb5 Qd7 11. dxc5 bxc5 12. Qe2 Qb7 13. c4 Nd7 14.
 cxd5 Nxd5 15. O-O O-O 16. Ng5 h6 17. Ne4 Ne7 18. Nd6 Qd5 19. f4 Qd4+ 20. 
Be3 Qc3 21. Ne4 Qb4 22. c4 Nf5 23. Rfb1 1-0

[Event "Continuous Server Series, S40149"]
[Site "CCLA"]
[Date "2014.05.05"]
[Round "?"]
[White "Lasley, Matthew"]
[Black "Fausey, Verna M."]
[Result "0-1"]
[WhiteElo "1514"]
[BlackElo "1747"]

1. e4 e5 2. d4 exd4 3. c3 dxc3 4. Bc4 cxb2 5. Bxb2 Bb4+ 6. Nc3 Nc6 7. Nf3 
Nf6 8. O-O O-O 9. Qb3 Bc5 10. Rac1 Na5 11. Qb5 Nxc4 12. Qxc4 d6 13. Na4 
Be6 14. Qc2 b6 15. Nxc5 dxc5 16. Rfd1 Qe7 17. a4 Rad8 18. Ne5 Ng4 19. Nc6 
Rxd1+ 20. Rxd1 Qg5 21. Qc3 Nf6 22. Rd8 Rxd8 23. Nxd8 Nxe4 24. Nxe6 fxe6 
25. Qf3 Qd2 0-1

[Event "Summer Server Series, S40081"]
[Site "CCLA"]
[Date "2014.07.28"]
[Round "?"]
[White "Lasley, Matthew"]
[Black "Sanchez, David A."]
[Result "1/2-1/2"]
[WhiteElo "1514"]
[BlackElo "1471"]

1. e4 e5 2. d4 exd4 3. c3 Qe7 4. cxd4 Qxe4+ 5. Be2 d5 6. Be3 Bb4+ 7. Nc3 
Nf6 8. Bf3 Bxc3+ 9. bxc3 Qe7 10. Ne2 Bf5 11. O-O O-O 12. Nf4 c6 13. Re1 
Qa3 14. Qb3 Qxb3 15. axb3 Nbd7 16. Re2 a6 17. Rae1 Rfe8 18. Bd2 Rxe2 
1/2-1/2

[Event "Herbert W. Gustafson Memorial, S47199"]
[Site "CCLA"]
[Date "2014.10.27"]
[Round "?"]
[White "Cain, Larry F."]
[Black "Lyons, Gage W."]
[Result "1-0"]
[WhiteElo "1349"]
[BlackElo "1201"]

1. e4 e5 2. d4 f6 3. Nf3 Bd6 4. d5 Ne7 5. Bc4 O-O 6. O-O b6 7. a3 Ba6 8. 
Qd3 Bxc4 9. Qxc4 c6 10. dxc6+ Kh8 11. cxd7 Qxd7 12. Nc3 Qc6 13. Qe6 Qd7 
14. Qc4 Qc6 15. Qd3 Rd8 16. Bd2 Nd7 17. Rfe1 a6 18. b4 b5 19. Rac1 Nb6 20.
 Qe2 Rac8 21. Nb1 Nc4 22. c3 Nxd2 23. Nbxd2 Ng6 24. g3 a5 25. Nf1 a4 26. 
Ne3 Ne7 27. Nd2 Bb8 28. Red1 Ba7 29. Nd5 Nxd5 30. exd5 Rxd5 31. Kf1 Rd7 
32. Qe4 Qxe4 33. Nxe4 Rcd8 34. Rxd7 Rxd7 35. Ke2 f5 36. Ng5 h6 37. Nf3 Bb8
38. c4 bxc4 39. Rxc4 Rc7 40. Rxc7 Bxc7 41. Nd2 Kg8 42. Nc4 g5 43. b5 Kf7 
44. Nb2 Bd6 45. Nc4 Ke6 46. Kd3 Kd5 47. Nxd6 Kxd6 48. Kc4 f4 49. Kb4 fxg3 
50. hxg3 1-0

[Event "Herbert W. Gustafson Memorial, S47189"]
[Site "CCLA"]
[Date "2014.10.27"]
[Round "?"]
[White "Haase, F. Philip"]
[Black "Pinkall Pollei, Rich"]
[Result "0-1"]
[WhiteElo "1641"]
[BlackElo "1389"]

1. e4 e5 2. d4 exd4 3. Qxd4 Nc6 4. Qe3 Nf6 5. Nc3 Bb4 6. Bd2 O-O 7. O-O-O 
Re8 8. Bc4 d6 9. f3 Ne5 10. Bb3 a5 11. a3 Bc5 12. Qe2 Be6 13. Be3 Bxe3+ 
14. Qxe3 Bxb3 15. cxb3 Qd7 16. Nge2 b5 17. Nd5 Nxd5 18. Rxd5 f5 19. Rhd1 
fxe4 20. fxe4 Ng4 21. Qf4 Nf6 22. Nc3 Nxd5 23. Nxd5 Qe6 24. Nxc7 Rac8 0-1

[Event "Continuous Server Series, S40059"]
[Site "CCLA"]
[Date "2014.02.19"]
[Round "?"]
[White "Kline, John T."]
[Black "Fausey, Verna M."]
[Result "1-0"]
[WhiteElo "1569"]
[BlackElo "1747"]

1. e4 e5 2. Bc4 Nf6 3. d4 exd4 4. Nf3 Nxe4 5. Qxd4 Nf6 6. Nc3 Nc6 7. Qh4 
Bb4 8. O-O Bxc3 9. bxc3 O-O 10. Bg5 d6 11. Bd3 Bg4 12. Bxf6 h5 13. Bxd8 
Raxd8 14. h3 Bxf3 15. gxf3 g6 16. Qf6 Rde8 17. Rfe1 Ne5 18. Kg2 Re6 19. 
Qf4 Rfe8 20. Bc4 Nxc4 21. Rxe6 Rxe6 22. Qxc4 Re7 23. Rb1 b6 24. Kf1 c5 25.
 Re1 Rd7 26. Qb5 1-0

[Event "Continuous Server Series, S40159"]
[Site "CCLA"]
[Date "2014.05.19"]
[Round "?"]
[White "Kline, John T."]
[Black "Martindale, Roger"]
[Result "1-0"]
[WhiteElo "1569"]
[BlackElo "1209"]

1. e4 e5 2. Bc4 Nf6 3. d4 d6 4. dxe5 Nxe4 5. Qd5 Be6 6. Qxb7 Nd7 7. Bxe6 
Ndc5 8. Qc6+ Ke7 9. Bd5 Ng5 10. Bxg5+ f6 11. exf6+ gxf6 12. Be3 Ne4 13. 
Qxa8 Qxa8 14. Bxa8 f5 15. Bxe4 fxe4 16. Nc3 Bg7 17. Nge2 Kd7 18. Bxa7 Re8 
19. O-O-O Bh6+ 20. Kb1 e3 21. Bxe3 Bxe3 22. fxe3 Rxe3 23. Rhf1 Re7 24. Nd4
h5 25. Rde1 1-0

[Event "Continuous Server Series, S40149"]
[Site "CCLA"]
[Date "2014.05.05"]
[Round "?"]
[White "Kline, John T."]
[Black "Fausey, Verna M."]
[Result "1-0"]
[WhiteElo "1569"]
[BlackElo "1747"]

1. e4 e5 2. Bc4 Nf6 3. d3 c6 4. Nf3 d5 5. Bb3 dxe4 6. Ng5 Be6 7. Nxe6 fxe6
8. Bxe6 Na6 9. Nc3 exd3 10. O-O Nc7 11. Bb3 dxc2 12. Qxc2 Ncd5 13. Qf5 Qd6
14. Bg5 g6 15. Qf3 h6 16. Bxf6 Nxc3 17. Bxe5 Qxe5 18. Rfe1 1-0

[Event "Continuous Server Series, S40049"]
[Site "CCLA"]
[Date "2014.02.07"]
[Round "?"]
[White "Gunning, Edward E."]
[Black "Laven, George"]
[Result "0-1"]
[WhiteElo "1350"]
[BlackElo "1834"]

1. e4 e5 2. Bc4 Nf6 3. d3 Bc5 4. Nh3 c6 5. O-O d5 6. Bb3 Bxh3 7. gxh3 dxe4
8. dxe4 Qxd1 9. Rxd1 Nxe4 10. Be3 Bxe3 11. fxe3 Ke7 12. Nd2 Nd6 13. Nc4 
Nxc4 14. Bxc4 f6 15. a4 a5 16. e4 Nd7 17. b3 Nc5 18. Re1 Rad8 19. Re2 Rd4 
20. Rae1 Nxa4 21. Rg2 g6 22. Ra1 b5 23. bxa4 bxc4 24. Re2 Rhd8 25. Ra3 
Rd1+ 26. Kg2 R1d2 27. Rf2 Rxf2+ 28. Kxf2 Rd2+ 29. Kg3 Rxc2 30. h4 Re2 31. 
h3 Rxe4 32. Rf3 Rd4 33. Re3 Rd3 34. Kf2 Rxe3 35. Kxe3 Kd6 36. Kd2 Kd5 37. 
Kc2 Kd4 38. Kd2 c3+ 39. Kc2 Kc4 40. h5 c5 41. h6 g5 42. Kd1 Kd3 43. Kc1 c2
44. h4 gxh4 45. Kb2 Kd2 0-1

[Event "Continuous Server Series, S40059"]
[Site "CCLA"]
[Date "2014.02.19"]
[Round "?"]
[White "Stroup, Jim"]
[Black "Kline, John T."]
[Result "0-1"]
[WhiteElo "1768"]
[BlackElo "1569"]

1. e4 e5 2. Bc4 Nf6 3. d3 c6 4. Nc3 d5 5. Bb3 dxe4 6. Nxe4 Nxe4 7. dxe4 
Qxd1+ 8. Kxd1 Nd7 9. Nf3 f6 10. Be3 Bc5 11. Ke2 Bxe3 12. Kxe3 Ke7 13. Rhd1
Nc5 14. Bc4 b5 15. Ne1 bxc4 0-1

[Event " NA Class A Server Championship, S40109"]
[Site "CCLA"]
[Date "2014.04.30"]
[Round "?"]
[White "Ragan, Anthony"]
[Black "Sereni, Vincent T."]
[Result "0-1"]
[WhiteElo "1900"]
[BlackElo "2118"]

1. e4 e5 2. Bc4 Nf6 3. d3 c6 4. Nf3 d5 5. Bb3 Bd6 6. exd5 cxd5 7. Bg5 d4 
8. Nbd2 O-O 9. O-O Nc6 10. Re1 h6 11. Bh4 Rb8 12. h3 Re8 13. Ne4 Be7 14. 
Nxf6+ Bxf6 15. Bg3 a6 16. Nd2 Be6 17. Ne4 Bxb3 18. axb3 Be7 19. Qh5 Qd5 
20. Re2 Rbc8 21. Nd2 f6 22. Nc4 Qf7 23. Qf5 Nb4 24. f4 b5 0-1

[Event "Summer Server Series, S40061"]
[Site "CCLA"]
[Date "2014.07.28"]
[Round "?"]
[White "Smail, John"]
[Black "Fausey, Verna M."]
[Result "0-1"]
[WhiteElo "1836"]
[BlackElo "1747"]

1. e4 e5 2. Nc3 Nf6 3. g3 Bc5 4. Bg2 O-O 5. Nge2 Nc6 6. O-O a6 7. h3 Nd4 
8. Nxd4 Bxd4 9. Ne2 Bb6 10. Kh2 Re8 11. d3 d5 12. exd5 Nxd5 13. Nc3 c6 14.
 Qf3 Be6 15. Ne4 Nb4 16. Qe2 Nxa2 17. Bd2 a5 18. b3 Nb4 19. Bxb4 axb4 20. 
Rxa8 Qxa8 21. Ng5 Bf5 22. h4 f6 23. Ne4 Rd8 24. f4 exf4 25. Rxf4 Bg6 26. 
Bh3 Re8 27. h5 Bf7 28. Qg4 Kh8 29. h6 gxh6 30. Qf5 Bd8 31. Qg4 Qa2 32. Rf2
Qa7 33. Qd7 Bg6 34. Kg2 Qb6 35. Bf5 Re7 36. Qd6 Rf7 37. Be6 Bc7 0-1

[Event "3rd TCCL Friendly Server Tournament, 3rdTCCL"]
[Site "CCLA"]
[Date "2014.07.10"]
[Round "?"]
[White "Latta, Richard W."]
[Black "Latta, David A."]
[Result "1-0"]
[WhiteElo "1396"]
[BlackElo "1350"]

1. e4 e5 2. Bc4 Nf6 3. Nc3 Nxe4 4. Nxe4 d5 5. Bb5+ c6 6. Ba4 dxe4 7. Qh5 
g6 8. Qxe5+ Be7 9. Qxh8+ Bf8 10. Bb3 f6 11. Qg8 Qd7 12. d3 Qe7 13. Bh6 Nd7
14. Nh3 Kd8 15. O-O-O f5 16. dxe4 fxe4 17. Bxf8 Kc7 18. Bxe7 Kb6 19. Bd6 
a5 20. a4 c5 21. Qc4 Kc6 22. Qb5# 1-0

[Event "Herbert W. Gustafson Memorial Open, S47089"]
[Site "CCLA"]
[Date "2014.10.27"]
[Round "?"]
[White "Siegfried, Will"]
[Black "Capuzzi, Gabriele"]
[Result "1-0"]
[WhiteElo "1714"]
[BlackElo "1775"]

1. e4 e5 2. Bc4 Nf6 3. d3 Nc6 4. Nc3 Na5 5. Nge2 Nxc4 6. dxc4 Bc5 7. O-O 
O-O 8. Qd3 c6 9. Bg5 Be7 10. Rad1 Qc7 11. Ng3 Rd8 12. Nf5 d6 13. Nxe7+ 
Qxe7 14. Rd2 Be6 15. b3 Rd7 16. f4 exf4 17. Rxf4 Kh8 18. Rdf2 d5 19. Bxf6 
gxf6 20. exd5 cxd5 21. cxd5 Rad8 22. Re2 Qc5+ 23. Qe3 Qxe3+ 24. Rxe3 Bxd5 
25. Nxd5 Rxd5 26. Kf2 Rd2+ 27. Re2 Rxe2+ 28. Kxe2 Kg7 29. c4 Rd7 30. c5 
Rd5 31. b4 h5 32. a4 f5 33. Rc4 f6 34. b5 Kf7 35. c6 bxc6 36. bxc6 Rd8 37.
 c7 Rc8 38. Kf3 Ke6 39. Kf4 Kd5 40. Rc2 Ke6 41. g3 a6 42. Rc3 1-0

[Event "Herbert W. Gustafson Memorial Open, S47089"]
[Site "CCLA"]
[Date "2014.10.27"]
[Round "?"]
[White "Siegfried, Will"]
[Black "Richardson, Ryan M."]
[Result "0-1"]
[WhiteElo "1714"]
[BlackElo "1689"]

1. e4 e5 2. Bc4 Nf6 3. d3 Nc6 4. Nc3 Bc5 5. f4 d6 6. Nf3 Bg4 7. Na4 Nd4 8.
 Nxc5 dxc5 9. c3 Bxf3 10. gxf3 Nc6 11. Be3 b6 12. Qd2 O-O 13. O-O-O exf4 
14. Bxf4 Na5 15. Bb5 a6 16. Ba4 b5 17. Bc2 Nc6 18. h4 b4 19. h5 bxc3 20. 
Qxc3 Qe7 21. Rdg1 Nd4 22. Bd1 Nb5 23. Qe5 Rfe8 24. Qxe7 Rxe7 25. Rg2 Nd4 
26. Bh6 Ne8 27. Rhg1 g6 28. hxg6 fxg6 29. Be3 Nd6 30. f4 Kf7 31. Kd2 Rb8 
32. b3 Rd7 33. Kc3 a5 34. Bxd4 Nb5+ 35. Kc4 cxd4 36. Bg4 Na3+ 37. Kc5 Rd6 
38. e5 Rb5# 0-1

[Event "Regular Quad, S40379"]
[Site "CCLA"]
[Date "2014.11.10"]
[Round "?"]
[White "Acosta, Errol"]
[Black "Miller, Allan A."]
[Result "0-1"]
[WhiteElo "1365"]
[BlackElo "1563"]

1. e4 Nf6 2. Nc3 e5 3. f4 d5 4. exd5 e4 5. d4 Bb4 6. Be3 Nxd5 7. Qd2 Bg4 
8. Bc4 Nxe3 9. Qxe3 O-O 10. Ne2 Nc6 11. O-O Re8 12. a3 Bxc3 13. bxc3 Qd6 
14. Ng3 Na5 15. Ba2 Qc6 16. f5 Nc4 17. Qg5 h6 18. Qxg4 Ne3 19. Qf4 Nxf1 
20. Rxf1 e3 21. Nh5 e2 22. Re1 Qxc3 23. Kf2 Rad8 24. Rxe2 Rxe2+ 25. Kxe2 
Qxc2+ 26. Qd2 Qxd2+ 27. Kxd2 Rxd4+ 28. Kc3 Rh4 29. g4 Rxg4 30. Ng3 Rh4 31.
 Nf1 Rf4 32. Ng3 Kf8 33. Bb1 b6 34. Be4 Ke7 35. Kd3 Rf2 36. h4 Ra2 37. Ne2
Rxa3+ 38. Nc3 a5 39. Kc4 Ra1 40. Nd5+ Kd6 41. Nc3 Ke5 42. Bd3 Rh1 0-1

[Event "Premier Quad, S40339"]
[Site "CCLA"]
[Date "2014.10.13"]
[Round "?"]
[White "Vecchio, Ralph"]
[Black "Laven, George"]
[Result "0-1"]
[WhiteElo "1815"]
[BlackElo "1834"]

1. e4 e5 2. Nc3 Nf6 3. f4 d5 4. fxe5 Nxe4 5. Nf3 Bc5 6. d4 Bb4 7. Bd2 c5 
8. Bd3 Nxd2 9. Qxd2 Nc6 10. a3 Ba5 11. Qf4 cxd4 12. Nxd4 O-O 13. b4 Bc7 
14. Nxc6 bxc6 15. O-O g5 16. Qg3 f6 17. Rae1 Bxe5 18. Qe3 Bxc3 19. Bxh7+ 
Kxh7 20. Qxc3 Ba6 21. Rf2 Bb5 22. a4 Bxa4 23. Qd3+ Kg7 24. Qd4 Qd6 25. Re3
Bb5 26. h4 Rh8 27. Rg3 Kg6 28. Rgf3 Raf8 29. g3 a6 30. Qg4 Qe5 31. Qf5+ 
Qxf5 32. Rxf5 gxh4 33. g4 d4 34. Rc5 h3 35. Kh2 Re8 36. c4 Ba4 37. Ra5 Bd1
38. Rxa6 Re2 39. Rxe2 Bxe2 40. b5 cxb5 0-1

[Event "Continuous Server Series, S40199"]
[Site "CCLA"]
[Date "2014.06.09"]
[Round "?"]
[White "Smiley, William R."]
[Black "McLaughlin, Ed"]
[Result "0-1"]
[WhiteElo "1530"]
[BlackElo "1561"]

1. e4 c5 2. f4 e5 3. fxe5 Qh4+ 4. Ke2 Qxe4+ 5. Kf2 Qd4+ 6. Ke1 Qxe5+ 7. 
Qe2 Nc6 8. Qxe5+ Nxe5 9. d3 d5 10. Be2 Be6 11. Nf3 Bd6 12. Nc3 a6 13. Bd2 
Nf6 14. h3 O-O 15. Kf2 h6 16. Rhf1 b5 17. Kg1 d4 18. Nd1 Rae8 19. c3 Nxf3+
20. Bxf3 Be5 21. c4 bxc4 22. dxc4 Bxc4 0-1

[Event "Regular Quad, S40469"]
[Site "CCLA"]
[Date "2014.12.29"]
[Round "?"]
[White "Acosta, Errol"]
[Black "Martindale, Roger"]
[Result "0-1"]
[WhiteElo "1365"]
[BlackElo "1209"]

1. e4 e5 2. f4 d6 3. Nf3 a6 4. Bc4 Be6 5. Bxe6 fxe6 6. O-O exf4 7. d4 g5 
8. h4 gxh4 9. Bxf4 Nf6 10. Nxh4 Nbd7 11. Nc3 b5 12. Bg5 h6 13. Bxf6 Nxf6 
14. Qf3 Bg7 15. e5 dxe5 16. Ne4 Qxd4+ 17. Kh1 Qxe4 18. Qh3 Ke7 19. Qg3 Nh5
20. Qa3+ Kd8 21. Rad1+ Kc8 22. Qh3 Nf4 23. Qg4 Bf6 24. Rxf4 Qxf4 25. Qxe6+
Kb7 26. Ng6 Qg5 27. Qd5+ Kb6 28. Nxh8 Bxh8 29. b4 Qh5+ 30. Kg1 Qe2 31. 
Qc5+ Kb7 32. Rf1 Qc4 33. Qe7 Qd4+ 34. Kh1 e4 35. Rf4 Qd1+ 36. Kh2 Qxc2 37.
 Rxe4 Rg8 38. Re2 Bf6 39. Qe6 Qc4 40. Qe3 Qh4+ 41. Qh3 Qxh3+ 42. Kxh3 Bc3 
43. a3 Rf8 44. Rc2 Be5 45. Kh4 Rf5 46. Kg4 Rf8 47. Kh5 Bf4 48. Kh4 Bg5+ 
49. Kh5 Rf1 50. Ra2 Rh1+ 51. Kg4 Rh4+ 52. Kg3 h5 53. Rc2 Rc4 54. Ra2 Rc3+ 
55. Kh2 Bf4+ 56. Kg1 h4 57. Kf2 h3 58. gxh3 Rxh3 59. Kg1 Bc1 60. a4 Ra3 
61. Rxa3 Bxa3 62. axb5 axb5 63. Kf1 Bxb4 64. Ke2 Bc3 65. Kd1 c5 66. Kc2 
Be5 67. Kb1 b4 68. Kc2 Kb6 69. Kb3 Kb5 70. Ka2 Kc4 0-1

[Event "Regular Quad, S40379"]
[Site "CCLA"]
[Date "2014.11.10"]
[Round "?"]
[White "Acosta, Errol"]
[Black "Rasmussen, Bruce A."]
[Result "1-0"]
[WhiteElo "1365"]
[BlackElo "1539"]

1. e4 e5 2. f4 d6 3. Nf3 Nc6 4. Nc3 g6 5. Bc4 Qe7 6. O-O Nf6 7. d4 Bg7 8. 
fxe5 dxe5 9. Bg5 O-O 10. d5 Qc5+ 11. Kh1 Qxc4 12. dxc6 Qxc6 13. Nxe5 Qb6 
14. Bxf6 Bxf6 15. Nd5 Qxb2 16. Nxf6+ Kg7 17. Nd3 Qb5 18. Qe1 Qc4 19. Qh4 
Rh8 20. Ne5 Qxc2 21. Ne8+ Kf8 22. Rxf7+ Kg8 23. Qh6 1-0

[Event "2nd TCCL Friendly Server Tournament, 2ndTCCL"]
[Site "CCLA"]
[Date "2014.06.15"]
[Round "?"]
[White "Caliguire, John J."]
[Black "Benson, Katie J."]
[Result "1-0"]
[WhiteElo "2233"]
[BlackElo "1194"]

1. e4 e5 2. f4 d6 3. Nf3 Bg4 4. Bc4 Nc6 5. d3 exf4 6. Bxf4 Nd4 7. Nbd2 Nf6
8. h3 Bh5 9. g4 Nxf3+ 10. Qxf3 Bg6 11. O-O-O h6 12. e5 dxe5 13. Bxe5 Be7 
14. Qxb7 O-O 15. Qxc7 Qxc7 16. Bxc7 Rac8 17. Bf4 Rcd8 18. Rhe1 Bd6 19. 
Bxd6 Rxd6 20. Re7 Rd7 21. Rde1 Rxe7 22. Rxe7 Ra8 23. Nf3 Re8 24. Rxa7 Rd8 
25. Ne5 Re8 26. Nxg6 Kh7 27. Bxf7 Nxg4 28. Bxe8 1-0

[Event "3rd TCCL Friendly Server Tournament, 3rdTCCL"]
[Site "CCLA"]
[Date "2014.07.10"]
[Round "?"]
[White "Latta, David A."]
[Black "Shaffer, Aaron"]
[Result "1-0"]
[WhiteElo "1350"]
[BlackElo "1383"]

1. e4 e5 2. f4 d6 3. f5 f6 4. Nf3 Nc6 5. Bc4 b6 6. c3 Nge7 7. Qa4 Bb7 8. 
d4 exd4 9. cxd4 d5 10. exd5 Qd7 11. dxc6 Bxc6 12. Be6 Bxa4 13. Bxd7+ Bxd7 
14. O-O Bxf5 15. Re1 O-O-O 16. Nc3 Rxd4 17. Nxd4 Bd7 18. Ncb5 Bxb5 19. 
Nxb5 Kb7 20. Bf4 Nd5 21. Red1 c6 22. Nd6+ Ka8 23. Re1 Bxd6 24. Bxd6 Rd8 
25. Be7 Nxe7 26. Rxe7 1-0

[Event " Herbert W. Gustafson Memorial, S47169"]
[Site "CCLA"]
[Date "2014.10.27"]
[Round "?"]
[White "Acosta, Errol"]
[Black "Gunning, Edward E."]
[Result "1/2-1/2"]
[WhiteElo "1365"]
[BlackElo "1350"]

1. e4 e5 2. f4 Nc6 3. Nf3 f6 4. Nc3 a6 5. Bc4 d6 6. d4 Nge7 7. Bb3 Bd7 8. 
Nh4 g6 9. f5 Nxd4 10. Nd5 Bg7 11. O-O Bc6 12. Nxe7 Qxe7 13. fxg6 Bxe4 14. 
Bf7+ Kf8 15. c3 hxg6 16. Bxg6 Rxh4 17. Bxe4 Rxe4 18. cxd4 Rxd4 19. Qf3 c6 
20. Be3 e4 21. Qh5 Rd5 22. Qh7 Qf7 23. Qxe4 f5 24. Qc2 Re8 25. Rae1 Kg8 
26. Qf2 Rf8 27. Qg3 Qh5 28. Rf4 Rd3 29. Rh4 f4 30. Rxf4 Rxf4 31. Qxf4 Bxb2
32. Rf1 Rd1 33. Qf8+ Kh7 34. Qe7+ Bg7 35. Qe4+ 1/2-1/2

[Event "Open Server Series, S40039"]
[Site "CCLA"]
[Date "2014.01.31"]
[Round "?"]
[White "Shannon, Paul D."]
[Black "Smail, John"]
[Result "1-0"]
[WhiteElo "1832"]
[BlackElo "1836"]

1. f4 e5 2. e4 Nc6 3. Nf3 f5 4. exf5 e4 5. Ne5 Nf6 6. Be2 d6 7. Bh5+ Ke7 
8. Nxc6+ bxc6 9. O-O Bxf5 10. d3 exd3 11. Re1+ Kd7 12. cxd3 d5 13. Bf3 Bd6
14. Nc3 h5 15. Qa4 Qg8 16. d4 Bg4 17. Be2 Qf7 18. Bd3 g6 19. Bd2 Bf5 20. 
Bf1 g5 21. Rac1 Rab8 22. Ne2 Ne4 23. Qxc6+ Kd8 24. Ba5 Qd7 25. Qxd5 Nf6 
26. Qc4 gxf4 27. d5 f3 28. Nd4 f2+ 29. Kxf2 Ng4+ 30. Kg1 Rb7 31. Nc6+ Kc8 
32. Qa6 1-0

[Event "Regular Quad, S40399"]
[Site "CCLA"]
[Date "2014.11.24"]
[Round "?"]
[White "Acosta, Errol"]
[Black "Berger, Byron"]
[Result "0-1"]
[WhiteElo "1365"]
[BlackElo "1516"]

1. e4 e5 2. f4 d5 3. exd5 e4 4. d3 Nf6 5. dxe4 Nxe4 6. Be3 Bd6 7. Nf3 O-O 
8. Bd3 Nf6 9. Nc3 Re8 10. Ne5 Bxe5 11. fxe5 Rxe5 12. Qd2 Qe7 13. O-O Rxe3 
14. Rxf6 gxf6 15. Ne4 Rxe4 16. Bxe4 Qxe4 17. Re1 Qa4 18. b3 Qd7 19. Re3 
Qd6 20. Rg3+ Kf8 21. Qh6+ Ke7 22. Re3+ Kd8 23. Qg7 Nd7 24. Qxf7 c6 25. 
dxc6 bxc6 26. Rd3 Qe7 27. Qg8+ Kc7 28. Qg3+ Ne5 29. b4 Qxb4 30. Rb3 Qc5+ 
31. Kf1 Ba6+ 32. Ke1 Qg1+ 33. Kd2 Rd8+ 34. Rd3 Bxd3 0-1

[Event "Regular Quad, S40379"]
[Site "CCLA"]
[Date "2014.11.10"]
[Round "?"]
[White "Acosta, Errol"]
[Black "Berger, Byron"]
[Result "1-0"]
[WhiteElo "1365"]
[BlackElo "1516"]

1. e4 e5 2. f4 d5 3. exd5 e4 4. d3 Nf6 5. dxe4 Nxe4 6. Be3 Bd6 7. Qe2 Qh4+
8. g3 Nxg3 9. hxg3 Qxh1 10. Bg2 Qh6 11. Nc3 O-O 12. O-O-O Re8 13. Rd3 Qg6 
14. Qf2 Bf5 15. Rd2 Bd7 16. Nf3 c6 17. Ne5 Bxe5 18. fxe5 Rxe5 19. Bf4 Rf5 
20. dxc6 bxc6 21. Be4 h6 22. Bxf5 Bxf5 23. Rd8+ Kh7 24. Rxb8 Rxb8 25. Bxb8
1-0

[Event "Herbert W. Gustafson Memorial Open, S47099"]
[Site "CCLA"]
[Date "2014.10.27"]
[Round "?"]
[White "Parenteau, Mike"]
[Black "Avery, Bryce"]
[Result "0-1"]
[WhiteElo "1651"]
[BlackElo "1663"]

1. e4 e5 2. f4 exf4 3. Bc4 d5 4. Bxd5 Nf6 5. Nc3 Bb4 6. Nf3 O-O 7. O-O c6 
8. Bc4 Bg4 9. d3 Qd6 10. Bb3 Nbd7 11. Ne2 Nh5 12. c3 Ba5 13. d4 Bb6 14. 
Qd3 Nc5 15. Qc2 Nxb3 16. Qxb3 Rae8 17. Qc2 c5 18. e5 Qg6 19. Qxg6 fxg6 20.
 Kh1 cxd4 21. Nexd4 h6 22. Bd2 g5 23. Rae1 g6 24. e6 Ng7 25. e7 Rf6 26. h3
Bxf3 27. Rxf3 Kf7 28. h4 Rxe7 29. Rxe7+ Kxe7 30. Kh2 Ne6 31. Rd3 Nxd4 32. 
cxd4 gxh4 33. d5 Bc7 34. Bc3 f3+ 35. Kg1 Bb6+ 36. Bd4 Bxd4+ 37. Rxd4 f2+ 
38. Kf1 Kd6 39. Rxh4 Kxd5 40. Rxh6 Ke4 41. Rh3 g5 42. Rg3 Rf5 43. Rc3 b5 
44. b4 Kd4 45. Rg3 Kc4 46. a3 a6 47. Re3 Rd5 48. Rg3 Rd3 49. Rxg5 Rxa3 50.
 Rg4+ Kc3 51. Kxf2 Ra4 52. Rf4 Rxb4 53. Rxb4 Kxb4 54. g4 Kc5 0-1

[Event "Herbert W. Gustafson Memorial Open, S47079"]
[Site "CCLA"]
[Date "2014.10.27"]
[Round "?"]
[White "Anderson, Clarence"]
[Black "Fausey, Verna M."]
[Result "0-1"]
[WhiteElo "1798"]
[BlackElo "1747"]

1. e4 e5 2. f4 exf4 3. Bc4 Nf6 4. Nc3 c6 5. d4 Bb4 6. e5 Ne4 7. Qh5 O-O 8.
 Ne2 d5 9. exd6 Nxd6 10. Bd3 Nf5 11. Bxf5 g6 12. Qh6 Bxf5 13. Bxf4 Bxc2 
14. O-O Re8 15. Be5 Bf8 16. Qd2 Rxe5 17. Qxc2 Re6 18. Rad1 Na6 19. d5 cxd5
20. Rxd5 Qb6+ 21. Kh1 Nb4 0-1

[Event "NA Class B Server Championship, S40119"]
[Site "CCLA"]
[Date "2014.04.30"]
[Round "?"]
[White "Laaman, Thomas"]
[Black "Fausey, Verna M."]
[Result "0-1"]
[WhiteElo "1588"]
[BlackElo "1747"]

1. e4 e5 2. f4 exf4 3. Bc4 Nf6 4. Nc3 c6 5. Bb3 d5 6. exd5 cxd5 7. d4 Bd6 
8. Qf3 Bg4 9. Qf2 Qe7+ 10. Nge2 Ne4 11. Nxe4 Qxe4 12. c3 O-O 13. Bd1 Re8 
14. Kd2 Nc6 15. Re1 Rac8 16. Bc2 Qxe2+ 17. Rxe2 Rxe2+ 18. Qxe2 Bxe2 19. 
Kxe2 Nxd4+ 20. Kd3 Nxc2 21. Kxc2 Re8 22. Kd1 Re6 23. h3 Rg6 24. Bd2 Rxg2 
25. Kc2 f3 26. Rf1 Bf4 0-1

[Event "Regular Quad, S40349"]
[Site "CCLA"]
[Date "2014.10.13"]
[Round "?"]
[White "Acosta, Errol"]
[Black "Gunning, Edward E."]
[Result "0-1"]
[WhiteElo "1365"]
[BlackElo "1350"]

1. e4 e5 2. f4 exf4 3. Bc4 Bd6 4. d4 f6 5. Nf3 g5 6. Ne5 Qe7 7. Qh5+ Kf8 
8. Qf7+ Qxf7 9. Nxf7 Kg7 10. h4 h6 11. Nxh8 Kxh8 12. hxg5 fxg5 13. Nc3 Bf8
14. Nd5 a6 15. Nxc7 Ra7 16. b3 b5 17. Bxg8 Rxc7 18. Bd5 Rxc2 19. Bd2 d6 
20. Rc1 Rxc1+ 21. Bxc1 Bg4 22. Bb2 a5 23. e5 h5 24. exd6 Bxd6 25. Bf3 Bxf3
26. gxf3 h4 27. Kd2 Kh7 28. Kd3 Nc6 29. a3 Ne7 30. Ke4 Kg6 31. d5 Nf5 32. 
Rc1 h3 33. Kd3 Kh5 34. Ke2 Kh4 35. Kf2 Ng3 36. Rc6 h2 37. Rxd6 h1=Q 38. 
Rh6+ Nh5 39. Bd4 Qd1 0-1

[Event "Regular Quad, S40349"]
[Site "CCLA"]
[Date "2014.10.13"]
[Round "?"]
[White "Acosta, Errol"]
[Black "Haase, F. Philip"]
[Result "0-1"]
[WhiteElo "1365"]
[BlackElo "1304"]

1. e4 e5 2. f4 exf4 3. Bc4 d5 4. Bxd5 Qh4+ 5. Kf1 g5 6. Nf3 Qh5 7. h4 Bg7 
8. d4 h6 9. Nc3 Ne7 10. Bxf7+ Qxf7 11. g3 fxg3 12. Kg2 O-O 13. Rf1 Qh5 14.
 Qd3 Bg4 15. Qc4+ Qf7 16. Qd3 Nbc6 17. Ne5 Nxe5 18. Rxf7 Nxd3 19. Rxf8+ 
Rxf8 20. cxd3 gxh4 21. Be3 Rf3 22. Re1 h3+ 23. Kg1 h2+ 24. Kg2 h5 25. Nd1 
Bxd4 26. Bxd4 Ng6 27. e5 Nf4+ 28. Kh1 Rf2 0-1